000
00386nam a2200133Ia 4500
008
100328s9999 xx 000 0 und d
082
_b
47718
100
_a
खान राजन
245
_a
हयात आणि मजार
260
_b
साहेबजी
630
_a
हयात आणि मजार
730
_a
हयात आणि मजार
942
_c
BOOK
999
_c
535454
_d
535451